header

Father involvement in Canada (Record no. 54296)

MARC details
000 -LEADER
fixed length control field 01187nam a2200301Ia 4500
245 00 - TITLE STATEMENT
Title Father involvement in Canada
260 ## - PUBLICATION, DISTRIBUTION, ETC. (IMPRINT)
Place of publication Vancouver, BC :
Name of publisher UBC Press,
Year of publication c2012.
300 ## - PHYSICAL DESCRIPTION
Number of Pages xvi, 250 p.
650 #0 - SUBJECT ADDED ENTRY--TOPICAL TERM
Topical Term Fatherhood
Topical Term Fathers
700 1# - ADDED ENTRY--PERSONAL NAME
Personal name Ball, Jessica,
Personal name Daly, Kerry J.
856 40 - ELECTRONIC LOCATION AND ACCESS
Uniform Resource Identifier http://site.ebrary.com/lib/rucke/Doc?id=10618834

No items available.

© 2026 Rongo University
Contact us: librarian | system librarian | Rongo university